Pulau Semut

Bibliographic Details
Main Author: Mohtar Jamaludin
Format: Book
Published: Kuala Lumpur : DBP , 1992
Subjects:

MARC

LEADER 00000cam a2200000 7i4500
001 0000006479
002 000006991
005 .0
020 |a 9836209956 
090 0 0 |a JF   |b MOH 
100 0 |a Mohtar Jamaludin 
245 1 0 |a Pulau Semut   |c Mohtar Jamaludin 
260 |a Kuala Lumpur :   |b DBP ,   |c 1992 
300 |a 119p. ;   |c 18cm. 
650 0 0 |a Children's stories 
999 |a 039821   |b BUKU   |c PINJAMAN   |e PERPUSTAKAAN KOMUNITI PETALING JAYA